000 00346nam a2200121Ia 4500
008 191111s9999 xx 000 0 und d
020 _a9781526423399
100 _aDe Bruyckere, Pedro.
245 _cPedro De Bruyckere.--
_aThe Ingredients for great teaching /
260 _aUSA :
_bSage
_c2018
300 _axviii, 156 pages.
650 _aTeaching
999 _c362690
_d362690